| 000 | 00679nam a2200241Ia 4500 | ||
|---|---|---|---|
| 003 | OSt | ||
| 005 | 20230518152312.0 | ||
| 008 | 210423s2013 xx 000 0 und d | ||
| 020 | _a978-81-316-0609-4 | ||
| 040 | _cAL | ||
| 041 | _aeng | ||
| 082 |
_a302.23 _223 _bLULM |
||
| 100 |
_aLULL (James) _9108720 |
||
| 245 | _aMedia communication culture: a global approach Ed 2 | ||
| 250 | _a2 | ||
| 260 |
_aJaipur _bRawat Publications _c2013 |
||
| 300 |
_aviii,308p _bHB |
||
| 365 |
_b995 _cINR |
||
| 650 |
_aCommunication _9108721 |
||
| 650 |
_aSocial Interaction _9108722 |
||
| 906 | _aapproach ; communication ; culture ; culture: ; Ed ; global ; Media | ||
| 942 |
_2ddc _cBK |
||
| 999 |
_c166752 _d166752 |
||